| 000 | 00732nam a2200229Ia 4500 | ||
|---|---|---|---|
| 001 | 10693 | ||
| 003 | GE_BSU | ||
| 008 | 181216s||||||||xx |||||||||||||| ||und|| | ||
| 040 | _cGE_BSU | ||
| 080 | _a821.353.1-1 | ||
| 100 | _aფოცხიშვილი,მორის | ||
| 245 | _aცის გახსნა. | ||
| 245 | _bლექსები. | ||
| 245 | _cრედ.გრიგოლ ჯულუხიძე;მხატვ.ალექსანდრე სარჩიმელიძე. | ||
| 260 | _aთბილისი. | ||
| 260 | _bმერანი. | ||
| 260 | _c1976. | ||
| 300 | _a319გვ;20სმ. | ||
| 300 | _e1ფ.პორტრ. | ||
| 653 | _aცის გახსნა. | ||
| 942 | _cBK | ||
| 999 |
_c43944 _d43944 |
||